Apollodorus the library

Αποθηκεύτηκε σε:
Λεπτομέρειες βιβλιογραφικής εγγραφής
Κύριος συγγραφέας: Απολλόδωρος, π. 180-π. 120
Άλλοι συγγραφείς: Frazer, James George Sir 1854-1941 (Μεταφραστής)
Μορφή: Βιβλίο
Γλώσσα:English
Ancient Greek
Δημοσίευση: Cambridge : Harvard University Press, 1990
Σειρά:Loeb classical library
Θέματα:
Ετικέτες: Προσθήκη ετικέτας
Δεν υπάρχουν, Καταχωρήστε ετικέτα πρώτοι!

MARC

LEADER 00000cam a2200000 i 4500
001 1/2299
008 950828s1990 eng d
020 |a 0-674-99135-4 ((v.1)) 
020 |a 0-674-99136-2 ((v.2)) 
035 |l 10014780 
040 |a GR-MY-UA  |b gre  |e aacr 
041 0 |a eng  |a grc 
082 0 |a 398.2038 
100 0 |a Απολλόδωρος,   |d π. 180-π. 120. 
245 1 0 |a Apollodorus the library /  |c Translated by Sir James George Frazer ; Apollodorus 
260 |a Cambridge :   |b Harvard University Press,   |c 1990 
300 |a 2 v;  |c 17 cm 
490 1 |a Loeb classical library 
500 |a Greek text of Bibliotheke and English translation on opposite pages 
500 |a Until modern times the author was often wrongly identified with the grammarian Apollodorus, of Athens 
650 0 0 |a Mythology, Greek. 
700 1 |a Frazer, James George  |c Sir  |d 1854-1941.  |4 trl 
830 0 |a Loeb classical library 
852 |a INST  |b LESVOS  |e 19950828  |h 883.6 ΑΠΟ  |p 005100007379  |q 005100007379  |t BK  |y 0  |z τ.2 
852 |a INST  |b LESVOS  |e 19950828  |h 883.6 ΑΠΟ  |p 005100007380  |q 005100007380  |t BK  |y 0  |z τ.1 
852 |a INST  |b LESVOS  |e 19950828  |h 883.6 ΑΠΟ  |p 005100007379  |q 005100007379  |t BK  |v τ.2:  |y 0  |z τ.2 
852 |a INST  |b LESVOS  |e 19950828  |h 883.6 ΑΠΟ  |p 005100007380  |q 005100007380  |t BK  |v τ.1:  |y 0  |z τ.1 
853 |a INST  |b LESVOS  |h 883.6 ΑΠΟ 
909 |a Λ  |b 033048 
909 |a Λ  |b 033049